000 00565nam a2200229Ia 4500
003 OSt
005 20221006165647.0
006 a|||||r|||| 00| 0
007 ta
008 221006b |||||||| |||| 00| 0 eng d
024 _a2,886
037 _cTextual
040 _aFML
_cFML
_beng
041 _2eng
_aeng
082 _aY:1.2, N0
100 _aSharma H L Au.
245 0 _aIndian Culture
260 _aMeeruth
_bMansi Prakashan
_c1990
300 _a152
_ccm.
942 _hY:1.2, N0
_cTEXL
_2CC
999 _c1121615
_d1121615